002710000a2200061000450024501240000030000380012477300470016210aLiterary cristicism and introduction : Book list 1999 (incluiding history of interpretation, canon and special studies) aNúm 84 (1999), Páginas 91-1240 tJournal for the Study of the Old Testament